| 000 | 00944nam a2200277 a 4500 | ||
|---|---|---|---|
| 001 | 12583 | ||
| 003 | BD-RjUL | ||
| 005 | 20211208235323.0 | ||
| 008 | 140129s1956 nyua 001 0 eng d | ||
| 035 | _a(BD-RjUL)12632 | ||
| 040 |
_aDLC _cDLC _dDLC _dBD-RjUL _beng |
||
| 041 | _aeng | ||
| 082 | 0 | 0 |
_a621.38152 _bHAN 1956 _223 |
| 245 | 0 | 0 |
_aHandbook of semiconductor electronics : _ba practical manual covering the physics, technology, and circuit applications of transistors, diodes, and photocells / _cedited by Lloyd P. Hunter |
| 250 | _a1st ed. | ||
| 260 |
_aNew York : _bMcGraw-Hill, _cc1956. |
||
| 300 |
_aVarious pages. : _bill. ; _c24 cm. |
||
| 490 | 0 | _aMcGraw-Hill handbooks | |
| 504 | _aIncludes bibliography and index. | ||
| 650 | 0 |
_aSemiconductors. _939206 |
|
| 700 |
_aHunter, Lloyd P. _939186 |
||
| 740 | _aSemiconductor electronics. | ||
| 830 |
_aMcGraw-Hill handbooks _9216240 |
||
| 942 |
_2ddc _cBK |
||
| 999 |
_c12583 _d12583 |
||